000 00835nam a2200289Ia 4500
005 20260324142655.0
008 008 260324s9999 xx 000 0 eng d
020 _a9781315288055
037 _aEBOOK
040 _aCRL
040 _beng
040 _cCRL
041 _2eng
041 _aeng
084 _qCRL
100 _aMary F. Somers Heidhues; David Ownby
_91212835
245 0 _aSecret Societies Reconsidered: Perspectives on the Social History of Early Modern South China and Southeast Asia
245 0 _bPerspectives on the Social History of Early Modern South China and Southeast Asia
260 _bTaylor and Francis
260 _c1994
365 _a
365 _b255
856 _uhttp://www.taylorfrancis.com/books/9781315288055
942 _cEBOOK
999 _c1817269
_d1817269